Arsenal Squad Champions League 2024/2025 - Statistics

General Stats
  • This quiz has been taken 97 times
  • The average score is 20 of 23
Answer Stats
Picture Answer % Correct
David Raya
100%
William Saliba
95%
Bukayo Saka
94%
Declan Rice
94%
Martin Ødegaard
94%
Neto
94%
Raheem Sterling
94%
Gabriel Jesus
92%
Gabriel Martinelli
92%
Oleksandr Zinchenko
92%
Thomas Partey
92%
Ben White
91%
Jorginho
91%
Mikel Merino
91%
Gabriel
90%
Leandro Trossard
90%
Takehiro Tomiyasu
90%
Riccardo Calafiori
87%
Jurriën Timber
82%
Kieran Tierney
81%
Jakub Kiwior
77%
Kai Havertz
72%
Tommy Setford
33%
No matching quizzes found
Score Distribution
Percent of People with Each Score
Percentile by Number Answered
Your Score History
You have not taken this quiz